000 01022nas a2200313 4500
001 BR2013007625
003 BR-BrBNA
005 20231205122956.0
007 ta
008 230509b bl.|||p| |||| 00| 00por d
040 _aBR-BrBNA
_bpor
_cBiblioteca Nacional de Agricultura
041 _a(Pt)
072 _aP36
100 1 _aCarneiro, M.A.C.
100 1 _aSouza, E.D. de
100 1 _aReis, E.F. dos
100 1 _aPereira, H.S
100 1 _aAzevedo, W.R. de
245 1 _aAtributos físicos, químicos e biológicos de solo de cerrado sob diferentes sistemas de uso e manejo
650 _aPLANTIO DIRETO
650 _aMÉTODO ESTATÍSTICO
650 _aPROPRIEDADE FÍSICO-QUÍMICA
650 _aCONSERVAÇÃO DO SOLO
650 _aCERRADO
773 0 _tRevista Brasileira de Ciência do Solo (Brazil)
_xISSN 0100-0683
_g(Jan-Feb 2009), v. 33(1) p. 147-157
_wBR2013007625
856 4 0 _uhttp://www.scielo.br/pdf/rbcs/v33n1/16.pdf
909 _a202311
_bLúcia
_c55
_dLúcia Elande
942 _2AGRIS
_n0
_cANA
999 _c231560
_d231560